000 00406nam a22001697a 4500
003 MPLRDC
005 20220104124952.0
008 210129b ||||| |||| 00| 0 eng d
082 _a857.9 DFY-6 v.5
100 _a东方英
245 _a潜龙堡. 五
_c
260 _a
_b毅力出版社
_c
300 _b
490 _a东方英小说专辑
650 _a武侠小说
942 _cBK
_o857.9 DFY-6 v.5
999 _c23586
_d23576